000 00855nam a2200229 i 4500
001 188622
003 ES-MaACL
005 20250912063057.0
008 190114s1956 sp |||| | spa d
100 1 _aBagué, Enric,
_d1900-1987
_9161547
245 1 3 _aLa Baja Edad Media /
_cEnrique Bagué y Juan Petit.
260 _aBarcelona :
_bSeix Barral,
_c1956.
300 _a412 p. con 106 lám., 3 h., 1 lám., lám. I-XIII ; 28 cm :
_bil. col. y n. ;
_c28 cm.
490 1 _aHistoria de la cultura española
651 4 _aEspaña-
_xHistoria-
_y0414-1474, Edad media.
_98214
651 7 _aEspaña-
_xCivilización-
_y0414-1474
_2
_9161502
651 4 _aEspaña-
_xUsos y costumbres-
_yS.V-XV.
_98520
700 0 _aPetit, Juan.
_991508
830 0 _aHistoria de la cultura española
_9183768
852 _aES-MaACL
_jP-265-3
999 _c188622
_d188622